Định lượng vitamin; T1 Bằng phương pháp hóa lí

Đã lưu trong:
Bibliografiske detaljer
Hovedforfatter: Viện kiểm nghiệm
Format: Bog
Sprog:Undetermined
Udgivet: Hà Nội Y học 1976
Fag:
Tags: Tilføj Tag
Ingen Tags, Vær først til at tagge denne postø!
Thư viện lưu trữ: Trung tâm Học liệu Trường Đại học Cần Thơ
LEADER 00602nam a2200193Ia 4500
001 CTU_7394
008 210402s9999 xx 000 0 und d
082 |a 615.19 
082 |b V305/T1 
100 |a Viện kiểm nghiệm 
245 0 |a Định lượng vitamin; T1 
245 0 |b Bằng phương pháp hóa lí 
245 0 |c Viện kiểm nghiệm 
260 |a Hà Nội 
260 |b Y học 
260 |c 1976 
650 |a chemistry, analytic - quantiative,vitamins 
904 |i Nguyễn Huỳnh Mai, 960820 
980 |a Trung tâm Học liệu Trường Đại học Cần Thơ